Strategic Human Resource Development (Record no. 3920)

MARC details
000 -LEADER
fixed length control field 00414nam a22001697a 4500
005 - DATE AND TIME OF LATEST TRANSACTION
control field 20180801162936.0
008 - FIXED-LENGTH DATA ELEMENTS--GENERAL INFORMATION
fixed length control field 160625b xxu||||| |||| 00| 0 eng d
020 ## - INTERNATIONAL STANDARD BOOK NUMBER
ISBN 81-203-1812-9
041 ## - LANGUAGE CODE
Language code of text/sound track or separate title eng
082 ## - DEWEY DECIMAL CLASSIFICATION NUMBER
Item number 9960
Classification number 658.3
100 ## - MAIN ENTRY--AUTHOR NAME
Personal name Kandula, Srinivas R
245 ## - TITLE STATEMENT
Title Strategic Human Resource Development
260 ## - PUBLICATION, DISTRIBUTION, ETC. (IMPRINT)
Name of publisher PHI
Year of publication 2004
Place of publication delhi
300 ## - PHYSICAL DESCRIPTION
Number of Pages 312p,
650 ## - SUBJECT ADDED ENTRY--TOPICAL TERM
Topical Term Management
942 ## - ADDED ENTRY ELEMENTS (KOHA)
Koha item type Books
Holdings
Lost status Damaged status Home library Current library Shelving location Date acquired Cost, normal purchase price Full call number Accession Number Koha item type Collection code
    JRU Library   WR-1 F 25/06/2016 225.00 658.3 9960 Books  
    JRU Library JRU Library SHELF-62 -E 25/06/2016 225.00 658.3 9961 Books MANAGEMENT
    JRU Library JRU Library SHELF-62 -E 25/06/2016 225.00 658.3 9962 Books MANAGEMENT
    JRU Library JRU Library SHELF-62 -E 25/06/2016 225.00 658.3 9963 Books MANAGEMENT